| 000 | 00000nas 2200000za 4500 |
| 001 | 9.507302 |
| 003 | CaOODSP |
| 005 | 20210125135456 |
| 007 | cr ||||||||||| |
| 008 | 150406d20032007oncar p o f0 a0eng|d |
| 022 | |a1912-158X |
| 040 | |aCaOODSP|beng |
| 043 | |an-cn--- |
| 086 | 1 |aCC171-1E-PDF |
| 110 | 2 |aCanadian Nuclear Safety Commission. |
| 245 | 10|aAnnual CNSC staff report for ... on the safety performance of the Canadian nuclear power industry |h[electronic resource]. |
| 246 | 13|aAnnual Canadian Nuclear Safety Commission staff report for ... on the safety performance of the Canadian nuclear power industry |
| 260 | |aOttawa : |bCanadian Nuclear Safety Commission, |c2004-2008. |
| 310 | |aAnnual |
| 362 | 0 |a2003-2007. |
| 690 | 07|aNuclear energy|2gcpds |
| 775 | 08|tRapport annuel ... du personnel de la CCSN sur le rendement en matière de sûreté des centrales nucléaires au Canada |w(CaOODSP)9.503691 |
| 780 | 00|tCNSC staff annual report for ... on the Canadian nuclear power industry |w(CaOODSP)9.507634 |
| 785 | 00|tCNSC staff integrated safety assessment of Canadian nuclear power plants for ... |w(CaOODSP)9.506247 |